<?xml version="1.0" encoding="UTF-8"?>
<record
    xmlns:xsi="http://www.w3.org/2001/XMLSchema-instance"
    xsi:schemaLocation="http://www.loc.gov/MARC21/slim http://www.loc.gov/standards/marcxml/schema/MARC21slim.xsd"
    xmlns="http://www.loc.gov/MARC21/slim">

  <leader>01801nam a2200229Ia 4500</leader>
  <controlfield tag="001">b2561-23493 [2303]</controlfield>
  <controlfield tag="003">IT-MiCISF</controlfield>
  <controlfield tag="005">20240415145243.0</controlfield>
  <controlfield tag="008">161014s9999||||xx |||||||||||||| ||und||</controlfield>
  <datafield tag="040" ind1=" " ind2=" ">
    <subfield code="a">IT-MiCISF</subfield>
    <subfield code="c">IT-MiCISF</subfield>
  </datafield>
  <datafield tag="041" ind1=" " ind2=" ">
    <subfield code="a">it</subfield>
  </datafield>
  <datafield tag="100" ind1=" " ind2=" ">
    <subfield code="a">Pangrazzi Arnaldo</subfield>
    <subfield code="9">57710</subfield>
  </datafield>
  <datafield tag="245" ind1=" " ind2="0">
    <subfield code="a">Il lutto: un viaggio dentro la vita</subfield>
  </datafield>
  <datafield tag="260" ind1=" " ind2=" ">
    <subfield code="a"> Torino,</subfield>
    <subfield code="b">Camilliane,</subfield>
    <subfield code="c">1991</subfield>
  </datafield>
  <datafield tag="300" ind1=" " ind2=" ">
    <subfield code="a">pp. 152</subfield>
  </datafield>
  <datafield tag="500" ind1=" " ind2=" ">
    <subfield code="a"> / morte, lutto, sofferenza, atteggiamenti-verso-morte, fede, rapporti-interpersonali, chiesa / </subfield>
  </datafield>
  <datafield tag="520" ind1=" " ind2=" ">
    <subfield code="a">La morte &#xE8; un evento con cui tutti prima o poi siamo costretti a scontrarci ed in seguito a convivere ed &#xE8; in quello stesso momento che per noi arriva il tempo di dover dire addio alle persone care.
Questa &#xE8; una realt&#xE0; purtroppo inevitabile e a cui spesso si preferisce non pensare, allontanandola da noi il pi&#xF9; a lungo possibile, ma nell&#x2019;istante in cui questa ci raggiunge e ci fa aprire per forza gli occhi, siamo costretti a prenderne atto e ad iniziare a vivere il nostro cordoglio insieme al nostro lutto.
Il libro di Arnaldo Pangrazzi cerca di delineare una specie di percorso da seguire, o semplicemente da prendere in esame, sia per chi ha perso una persona cara, sia per chi vuole e cerca un modo per stare vicino a chi ha vissuto o vive tale perdita.
Il libro parte dall&#x2019;analisi del cordoglio e del lutto, individuandone le dinamiche, le manifestazioni, le elaborazioni normali o atipiche, per poi snodarsi attraverso altre tematiche come: la variet&#xE0; di perdite nella vita, quello che provano i bambini in questi momenti e come lo vivono, alcune piste di aiuto per superare il dolore, il contributo della Chiesa nell&#x2019;affrontare la crisi di un lutto.</subfield>
  </datafield>
  <datafield tag="650" ind1=" " ind2=" ">
    <subfield code="a">morte</subfield>
  </datafield>
  <datafield tag="654" ind1=" " ind2=" ">
    <subfield code="a">saggio</subfield>
  </datafield>
  <datafield tag="942" ind1=" " ind2=" ">
    <subfield code="c">BK</subfield>
    <subfield code="2">ddc</subfield>
  </datafield>
  <datafield tag="999" ind1=" " ind2=" ">
    <subfield code="c">214899</subfield>
    <subfield code="d">214899</subfield>
  </datafield>
  <datafield tag="999" ind1=" " ind2=" ">
    <subfield code="b">si</subfield>
  </datafield>
  <datafield tag="952" ind1=" " ind2=" ">
    <subfield code="0">0</subfield>
    <subfield code="1">0</subfield>
    <subfield code="4">0</subfield>
    <subfield code="6">B_256123493_2303</subfield>
    <subfield code="7">1</subfield>
    <subfield code="a">CISF</subfield>
    <subfield code="b">CISF</subfield>
    <subfield code="d">2016-10-14</subfield>
    <subfield code="l">0</subfield>
    <subfield code="o">b2561-23493 [2303]</subfield>
    <subfield code="r">2016-10-14 00:00:00</subfield>
    <subfield code="w">2016-10-14</subfield>
    <subfield code="y">BK</subfield>
    <subfield code="z">Data import 15.10.2016 / by Epidotti, Vaglietti</subfield>
  </datafield>
</record>
